Vijayakhaḍgamu. (Record no. 63437)

MARC details
000 -LEADER
fixed length control field 00566cam a22002291 4500
001 - CONTROL NUMBER
control field sa 65003925
003 - CONTROL NUMBER IDENTIFIER
control field DLC
005 - DATE AND TIME OF LATEST TRANSACTION
control field 20260227112126.0
008 - FIXED-LENGTH DATA ELEMENTS--GENERAL INFORMATION
fixed length control field 891116s1963 ii 000 1 telo
010 ## - LIBRARY OF CONGRESS CONTROL NUMBER
LC control number sa 65003925
035 ## - SYSTEM CONTROL NUMBER
System control number (OCoLC)20662635
040 ## - CATALOGING SOURCE
Original cataloging agency DLC
Transcribing agency WaU
Modifying agency DLC
042 ## - AUTHENTICATION CODE
Authentication code premarc
050 00 - LIBRARY OF CONGRESS CALL NUMBER
Classification number PL4780.9.K59
Item number V5
100 0# - MAIN ENTRY--PERSONAL NAME
Personal name Kōṭasōdarakavulu.
245 10 - TITLE STATEMENT
Title Vijayakhaḍgamu.
260 ## - PUBLICATION, DISTRIBUTION, ETC.
Date of publication, distribution, etc. [1963]
300 ## - PHYSICAL DESCRIPTION
Extent 95 p.
Dimensions 18 cm.
500 ## - GENERAL NOTE
General note In Telugu.
500 ## - GENERAL NOTE
General note A novel.
600 00 - SUBJECT ADDED ENTRY--PERSONAL NAME
Personal name Khadga Tikkana,
Dates associated with a name active 12th century
Form subdivision Fiction.

No items available.

Powered by Koha